000 00850nam a2200205Ia 4500
001 714
003 GE_BSU
008 181216s||||||||xx |||||||||||||| ||und||
040 _cGE_BSU
080 _a657.22(075.8)
245 _aმმართველობოთი არიცხვა.
245 _bდამხმარე სახელმძღვანელო ბუღალტერთა პროფესიული გადამზადებისა და კვალიფიკაციის ამაღლებისათვის
260 _aთბილისი
260 _c2005
300 _a163 გვ.
541 _h8 ლ.
653 _aდამხმარე სახელმძრვანელო
653 _aმმართველობითი აღრიცხვა
942 _cBK
999 _c34891
_d34891